1946 1751 1877 1296 1152 1100 1067 1936 1026 1748 1087 1065 1930 1110 1913 1189 1282 1115 1265 1333 1610 1964 1783 1693 1711 1971 1037 1069 1152 1240 1164 1923 1370 1605 1449 1053 1370 1736 1916 1963 1869 1425 1968 1873 1674 1184 1544 1284 1145 1550 1827 1653 1619 1350 1817 1160 1244 1592 1079 1331 1579 1592 1624 1036 1766 1363 1189 1790 1404 1342 1452 1906 1088 1908 1963 1922 1756 1663 1390 1148 1286 1749 1526 1283 1678 1150 1128 1826 1554 1384 1974 1057 1819 1108 1419 1364 1769 1180 1651 BCNSPRNW ULIB Ver.6.0+V

เปลี่ยนเป็นภาษาไทย

Change to English
 แสดงรายละเอียดบรรณานุกรม
  กลับหน้าหลัก

Brief Record : Get Marc (ISO 2709) : E-mail record : QR code < ปิดหน้าต่าง
LEADER : 00000nam 2200000uu 4500
001    13399114308
003     ULIB
008    120321s2550||||th 000 0 tha d
020    ^a9789748290232
090    ^aนว.^bส935ห 2550
100 0  ^aแสตมป์เบอรี่
245 00 ^alove land หัวใจกิ๊กกั๊กคู่รักอลเวง/^cแสตมป์เบอรี่
250    ^aพิมพ์ครั้งที่ 1
260    ^aกรุงเทพฯ :^bแจ่มใส,^c2550
300    ^a229 หน้า
710 1  ^aแจ่มใส
945    ^p169^l0^i14448
995    ^aกัณชพร
999    ^aใช้งานได้ทุกระบบ
รายการนี้ยังไม่มีแท็ก
คุณยังไม่ได้ล็อกอิน คุณสามารถมีกิจกรรมร่วมกับเว็บไซต์ได้ แต่ต้องล็อกอินก่อน ::
  ล็อกอิน

รายการสื่อสารสนเทศ

ลำดับที่ ประเภท เลขเรียก/บาร์โค้ด สถานที่ สถานะ
1. นวนิยาย
นวนิยาย
นว. ส935ห 2550  
  Barcode: 14448
ห้องสมุดวิทยาเขตสวรรค์ประชารักษ์
►นวนิยาย
บนชั้น
  ขอยืม

รายการใกล้เคียง
    ผู้แต่ง [แสตมป์เบอรี่]

BibComment


ยังไม่เคยถูกคอมเมนท์

คอมเมนท์ทรัพยากรรายการนี้
  คอมเมนท์: love land หัวใจก..


 Copyright 2026. Bcnsprnw @Library